Reštrukturalizácia ako legálna ochrana vybranej dopravnej firmy pred veriteľmi

Zmeny, ktoré v súčasnosti prebiehajú vnútri podniku fyzickej osoby podnikajúcej pod obchodným menom Emil Štofčo – JUNIOR a ku ktorým podnikateľ pristúpil za účelom odvrátenia úpadku, do ktorého sa dostal v druhej polovici roku 2013.

Salvato in:
Dettagli Bibliografici
Autore principale: Kmeťová, Oľga, 1959-
Natura: Capitolo di libro
Lingua:slovacco
Soggetti:
Tags: Aggiungi Tag
Nessun Tag, puoi essere il primo ad aggiungerne!!

MARC

LEADER 00000naa a2200000 4500
001 0183827
005 20240502073140.0
041 0 |a slo 
044 |a SK 
245 1 0 |a Reštrukturalizácia ako legálna ochrana vybranej dopravnej firmy pred veriteľmi  |c Oľga Kmeťová 
520 |a Zmeny, ktoré v súčasnosti prebiehajú vnútri podniku fyzickej osoby podnikajúcej pod obchodným menom Emil Štofčo – JUNIOR a ku ktorým podnikateľ pristúpil za účelom odvrátenia úpadku, do ktorého sa dostal v druhej polovici roku 2013. 
610 2 0 |a reštrukturalizácia 
610 2 0 |a podnik dopravný 
610 2 0 |a bankrot 
610 2 0 |a úpadok podniku 
100 1 |a Kmeťová, Oľga, 1959-